01573nam a22001577a 4500008004100000020001500041050001700056100002100073245006800094260004700162300003100209500002000240505112300260650001501383700001701398121009t xxu||||| |||| 00| 0 eng d a8185461295 aHF5548.8.D27 aDavar, Rustom S. aThe Human side of management. /cRustom S. Davar and Dale Yoder aNew Delhi:bUnivversal Book Stall,cc1997. axvi, 316 p.:bill.;c21cm. aIncludes index. aContents: Management of human resources: The Human side of enterprise -- Behavioural sciences for personnel managers -- The Two roads to success in industrial relations -- Executive development in India -- Management or leadership? -- Authority and leadership: The Nature of authority -- Leadership -- Some aspects of leadership qualities -- Are you the kind of boss people want to work for? -- Motivation: Motivation: the core of management -- Motivation: what makes Sammy run? -- Non-financial incentives: a management motivation analysis -- Executive motivation - a behavioural science approach -- How to match executive motivation to executive age -- How to mismanage managers -- Leadership styles: Democratic leadership for employee initiative -- Managerial grid -- An International study of management attitudes and democratic leadership -- Comment: leadership and language -- The Right approach?: How do you score on leadership? -- Management and motivation: releasing human potential -- The Scope for human relations in India -- Motivation is not enough -- Challenges for intellectual leadership in management. bLeadership aYoder, Dale,